000 00558nam a2200229Ia 4500
003 OSt
005 20221005132855.0
006 a|||||r|||| 00| 0
007 ta
008 221004b |||||||| |||| 00| 0 kan d
024 _a59770
037 _cTextual
040 _aCRL
_cCRL
_bkan
041 _2kan
_akan
082 _aO33,1NGU1,1, J6
100 _aKumuda Au.
_9641781
245 0 _aVaniya krape
260 _c1956
650 _aKANNAD POETRY
942 _hO33,1NGU1,1, J6
_cTEXL
_2cc
999 _c1065085
_d1065085